Les 60 plus grands stades de football d'Europe - Statistiques

Statistiques générales
  • Ce quiz a été pris 5 178 fois
    5 029 depuis la dernière actualisation
  • Le résultat moyen est 35 sur 60
Statistiques - réponses
Nombre de places Villes % Correct
99 354 places Barcelone
98%
55 926 places Barcelone
98%
80 698 places Saint-Denis
96%
81 044 places Madrid
95%
67 829 places Madrid
95%
67 394 places Marseille
94%
90 000 places Londres
91%
61 000 places Londres
91%
60 338 places Londres
91%
60 000 places Londres
91%
75 643 places Manchester
89%
55 097 places Manchester
89%
75 024 places Munich
88%
59 186 places Lyon
86%
80 074 places Milan
86%
81 359 places Dortmund
82%
54 074 places Liverpool
82%
72 698 places Rome
80%
65 647 places Lisbonne
72%
50 076 places Lisbonne
72%
60 720 places Séville
71%
57 619 places Séville
71%
50 186 places Lille
70%
74 475 places Berlin
68%
60 240 places Naples
67%
50 431 places Porto
67%
81 000 places Moscou
64%
54 990 places Amsterdam
62%
52 100 places Valence
57%
75 145 places Istanbul
53%
52 695 places Istanbul
53%
51 700 places Dublin
50%
60 355 places Glasgow
50%
52 025 places Glasgow
50%
51 082 places Glasgow
50%
70 050 places Kiev
50%
69 618 places Athènes
48%
50 024 places Bruxelles
48%
67 889 places Budapest
46%
58 500 places Varsovie
46%
55 600 places Bucarest
44%
53 008 places Vienne
44%
53 289 places Bilbao
43%
68 134 places Saint-Pétersbourg
43%
55 538 places Belgrade
37%
56 000 places Prague
37%
51 577 places Rotterdam
37%
57 274 places Hambourg
36%
52 300 places Francfort
33%
52 387 places Newcastle
32%
50 000 places Stockholm
32%
74 500 places Cardiff
30%
50 076 places Cologne
25%
55 896 places Stuttgart
25%
51 504 places Donetsk
23%
61 482 places Gelsenkirchen
15%
54 600 places Düsseldorf
11%
54 067 places Mönchengladbach
8%
58 248 places Bari
7%
49 780 places Kaiserslautern
3%
Aucun quiz correspondant
Distribution des résultats
% des personnes avec chaque résultat
Percentile par nombre de réponses
Votre historique - résultats
Vous n’avez pas pris ce quiz depuis la dernière actualisation